The travels of Pedro de Cieza de León, A.D. 1532-50, contained in the First part of his Chronicle of Peru. Translated and edited, with notes and an Introduction, by Clements R. Markham, F.S.A., F.R.G.S.
Saved in:
| Main Author: | |
|---|---|
| Format: | Book |
| Language: | English |
| Published: |
Londres
Hakluyt Society
1864
|
| Edition: | 1a. ed |
| Series: | Hakluyt Society
|
| Subjects: | |
| Tags: |
Add Tag
No Tags, Be the first to tag this record!
|
MARC
| LEADER | 00000nam a2200000 a 4500 | ||
|---|---|---|---|
| 001 | UCJ5404 | ||
| 003 | CL-VaPUC | ||
| 005 | 20230125074242.0 | ||
| 008 | 070124e18640000UK |||||||||||||||||eng|d | ||
| 999 | |c 321513 |d 321511 | ||
| 040 | |c Pontificia Universidad Católica de Valparaíso | ||
| 082 | 0 | 4 | |a 910.4 |b CIE |2 21 |
| 100 | 0 | |a Cieza de León, Pedro de |e author |9 510545 | |
| 245 | 1 | 4 | |a The travels of Pedro de Cieza de León, A.D. 1532-50, contained in the First part of his Chronicle of Peru. Translated and edited, with notes and an Introduction, by Clements R. Markham, F.S.A., F.R.G.S. |
| 250 | |a 1a. ed | ||
| 260 | |a Londres |b Hakluyt Society |c 1864 | ||
| 300 | |a lvii, 438 p | ||
| 490 | 0 | |a Hakluyt Society | |
| 500 | |a Mapa plegado, al final | ||
| 583 | |a last modification |c 20070124 00:00:00 |k Rodrigo Vera | ||
| 600 | |a Markham, Clements Robert, |d 1830-1916 |9 862880 | ||
| 650 | 0 | |a Descubrimientos geográficos |9 331933 | |
| 650 | 0 | |a Colonización española |9 256592 | |
| 650 | 7 | |a INCAS |2 CL-VaPUC |9 256565 | |
| 650 | 0 | |a Geografía |9 259346 | |
| 650 | 0 | |a Cultura |9 269059 | |
| 650 | 0 | |a Mapas |9 260844 | |
| 651 | 0 | |a Perú |9 256567 | |
| 651 | 0 | |a Ecuador |9 258378 | |
| 651 | 7 | |a CHILE |2 CL-VaPUC |9 510546 | |
| 942 | |c BK |2 ddc | ||
| 945 | |d 20070124 00:00:00 |a rinostro | ||
| 952 | |0 0 |1 0 |4 0 |6 910_400000000000000_CIE_1864 |7 0 |8 X |9 400280 |a FDOBUD |b FDOBUD |d 2019-11-22 |i 1034278 |o 910.4 CIE 1864 |p 1034278 |r 2019-11-22 |w 2019-11-22 |y BK_X |k BUD | ||